00776nam a2200229Ia 4500008004100000040001200041082001200053082001600065100001200081245011600093300001100209300000600220300001400226530001700240563000800257600001200265630011600277650001400393650001100407700001200418730011600430160321s9999||||xx |||||||||||||| ||und|| cEnglish aXVF/Tae bBORI-102225 aKim Tae 2aA Comparative Study of the Doctrine of Divinity between the Holy Bhagavad-Gita and the Holy Bible Ph. D. Thesis aix+202 cF eHardbound u00095900.pdf aRef aKim Tae aA Comparative Study of the Doctrine of Divinity between the Holy Bhagavad-Gita and the Holy Bible Ph. D. Thesis aReference aTheses aKim Tae aA Comparative Study of the Doctrine of Divinity between the Holy Bhagavad-Gita and the Holy Bible Ph. D. Thesis